<?xml version="1.0" encoding="UTF-8"?>
<record
    xmlns:xsi="http://www.w3.org/2001/XMLSchema-instance"
    xsi:schemaLocation="http://www.loc.gov/MARC21/slim http://www.loc.gov/standards/marcxml/schema/MARC21slim.xsd"
    xmlns="http://www.loc.gov/MARC21/slim">

  <leader>00836nam a22002057a 4500</leader>
  <datafield tag="999" ind1=" " ind2=" ">
    <subfield code="c">197350</subfield>
    <subfield code="d">197350</subfield>
  </datafield>
  <controlfield tag="005">20230822121843.0</controlfield>
  <datafield tag="010" ind1=" " ind2=" ">
    <subfield code="a">UR-12151</subfield>
  </datafield>
  <datafield tag="020" ind1=" " ind2=" ">
    <subfield code="a">9789395400671</subfield>
    <subfield code="c">500.0</subfield>
  </datafield>
  <datafield tag="035" ind1=" " ind2=" ">
    <subfield code="a">U-10706</subfield>
  </datafield>
  <datafield tag="037" ind1=" " ind2=" ">
    <subfield code="b">DBAD/PUB</subfield>
  </datafield>
  <datafield tag="082" ind1=" " ind2=" ">
    <subfield code="a">954.53</subfield>
  </datafield>
  <datafield tag="100" ind1=" " ind2=" ">
    <subfield code="a">&#x62D;&#x641;&#x638; &#x627;&#x644;&#x631;&#x62D;&#x645;&#x627;&#x646;</subfield>
  </datafield>
  <datafield tag="245" ind1=" " ind2=" ">
    <subfield code="a">&#x622;&#x6CC;&#x646;&#x6C1; &#x628;&#x635;&#x648;&#x651;&#x641; : &#x645;&#x62E;&#x62F;&#x648;&#x645; &#x62C;&#x6C1;&#x627;&#x6BA; :</subfield>
    <subfield code="b">&#x634;&#x6CC;&#x62E; &#x634;&#x631;&#x641;&#x648; &#x627;&#x644;&#x62F;&#x6CC;&#x646; &#x627;&#x62D;&#x645;&#x62F; &#x645;&#x646;&#x6CC;&#x631;&#x6CC; &#x627;&#x648;&#x631; &#x627;&#x646; &#x6A9;&#x6D2; &#x645;&#x642;&#x628;&#x648;&#x644; &#x62E;&#x644;&#x641;&#x627;&#x621; /</subfield>
    <subfield code="c">&#x62D;&#x641;&#x638; &#x627;&#x644;&#x631;&#x62D;&#x645;&#x627;&#x646;</subfield>
  </datafield>
  <datafield tag="246" ind1=" " ind2=" ">
    <subfield code="a">Aaina-e-Tasawwuf: makhdoom-e-jahan: Shaikh sharfuddin ahmad muneeri aur unke maqbool khulfa /</subfield>
    <subfield code="b">by Hifzur Rahman</subfield>
  </datafield>
  <datafield tag="260" ind1=" " ind2=" ">
    <subfield code="a">New Delhi</subfield>
    <subfield code="b">Educational Publishing House</subfield>
    <subfield code="c">2023 &#x621;</subfield>
  </datafield>
  <datafield tag="270" ind1=" " ind2=" ">
    <subfield code="a">H.o. D1/16, Ansari Road, Darya Ganj</subfield>
    <subfield code="b">New Delhi</subfield>
    <subfield code="e">110002</subfield>
  </datafield>
  <datafield tag="300" ind1=" " ind2=" ">
    <subfield code="a">368 &#x635;</subfield>
    <subfield code="c">23cm(Hb)     </subfield>
  </datafield>
  <datafield tag="500" ind1=" " ind2=" ">
    <subfield code="a">Tazkira Sufia-e-Bihar</subfield>
  </datafield>
  <datafield tag="942" ind1=" " ind2=" ">
    <subfield code="2">ddc</subfield>
    <subfield code="c">UR</subfield>
    <subfield code="m">&#x62D; &#x641; &#x638;</subfield>
    <subfield code="e"> </subfield>
    <subfield code="h">954.53</subfield>
  </datafield>
  <datafield tag="952" ind1=" " ind2=" ">
    <subfield code="0">0</subfield>
    <subfield code="1">0</subfield>
    <subfield code="4">0</subfield>
    <subfield code="7">0</subfield>
    <subfield code="8">NFIC</subfield>
    <subfield code="a">MP</subfield>
    <subfield code="b">MP</subfield>
    <subfield code="d">2023-08-22</subfield>
    <subfield code="e">DBAD/PUB</subfield>
    <subfield code="g">500.00</subfield>
    <subfield code="l">0</subfield>
    <subfield code="o">954.53 &#x62D; &#x641; &#x638;</subfield>
    <subfield code="p">U-10706</subfield>
    <subfield code="r">2023-08-22 00:00:00</subfield>
    <subfield code="t">1</subfield>
    <subfield code="v">500.00</subfield>
    <subfield code="w">2023-08-22</subfield>
    <subfield code="y">UR</subfield>
  </datafield>
</record>
